Statystyki dla 10 największych wysp każdego kontynentu

Kliknij tutaj aby rozwiązać quiz!

Ogólne statystyki

  • Ten quiz został rozwiązany 54 razy
  • Średni wynik to 19 z 70

Statystyki odpowiedzi

KontynentKraj posiadający tą wyspęNazwa Wyspy% Poprawnych
Ameryka PłnDaniaGrenlandia
96%
EuropaWielka BrytaniaWielka Brytania
88%
EuropaIrlandia i Wielka BrytaniaIrlandia
82%
EuropaIslandiaIslandia
82%
EuropaCypr, Wielka BrytaniaCypr
80%
Ameryka PłnKubaKuba
80%
Ameryka PłnHaiti i DominikanaHaiti
78%
AfrykaMadagaskarMadagaskar
76%
EuropaWłochySycylia
76%
EuropaWłochySardynia
72%
EuropaFrancjaKorsyka
62%
AzjaIndonezja Malezja i BruneiBorneo
58%
AzjaJaponiaHonsiu
58%
Australia i OceaniaIndonezja i Papua Nowa GwineaNowa Gwinea
56%
Ameryka PłdTrynidad i TobagoTrynidad
56%
AzjaIndonezjaSumatra
54%
AzjaIndonezjaJawa
52%
Australia i OceaniaNowa ZelandiaWyspa Północna
52%
EuropaRosjaWyspa Północna
52%
AzjaSri LankaCejlon
46%
AfrykaMauritiusMauritius
46%
Australia i OceaniaAustraliaTasmania
46%
EuropaRosjaWyspa Południowa
46%
Australia i OceaniaNowa ZelandiaWyspa Południowa
46%
Ameryka PłdWielka BrytaniaFalklandy
32%
AfrykaTanzaniaZanzibar
32%
Ameryka PłnKanadaZiemia Baffina
32%
Ameryka PłdArgentyna i ChileZiemia Ognista
32%
Ameryka PłnKanadaNowa Fundlandia
28%
AzjaFilipinyLuzon
26%
AfrykaHiszpaniaTeneryfa
26%
AzjaIndonezjaCelebes
24%
Ameryka PłnKanadaWyspa Wiktorii
24%
AzjaRosjaSachalin
22%
AfrykaFrancjaReunion
20%
Australia i OceaniaFrancjaNowa Kaledonia
18%
AfrykaHiszpaniaGran Canaria
16%
AzjaFilipinyMindanao
10%
Ameryka PłnKanadaWyspa Ellesmere'a
10%
AfrykaKomoryWielki Komor
6%
AfrykaHiszpaniaFuerteventura
4%
Australia i OceaniaUSAHawai'i
4%
Australia i OceaniaPapua Nowa GwineaNowa Brytania
4%
Australia i OceaniaFidżiViti Levu
4%
Ameryka PłnKanadaWyspa Banksa
4%
AzjaJaponiaHokkiado
2%
Ameryka PłdBrazyliaMarajo
2%
EuropaZiemia Północno-wschodniaNorwegia
2%
Australia i OceaniaPapua Nowa GwineaNowa Irlandia
2%
Ameryka PłdChileWellington
2%
AntarktydaAntarktydaWyspa Aleksandra
2%
Ameryka PłnKanadaWyspa Devon
2%
AntarktydaAntarktydaAntwerpia
0%
AfrykaGwinea RównikowaBioko
0%
Ameryka PłdBrazyliaCaviana
0%
Ameryka PłdChileChiloe
0%
Ameryka PłdBrazyliaGrande de Gurupa
0%
AfrykaTanzaniaPemba
0%
Ameryka PłdChileRiesco
0%
AntarktydaAntarktydaWyspa Adelajdy
0%
Ameryka PłnKanadaWyspa Alexa Heiberga
0%
Ameryka PłdBrazyliaWyspa Bananowa
0%
AntarktydaAntarktydaWyspa Berknera
0%
Australia i OceaniaPapua Nowa GwineaWyspa Bougainville'a
0%
AntarktydaAntarktydaWyspa Carneya
0%
AntarktydaAntarktydaWyspa Jamesa Rossa
0%
AntarktydaAntarktydaWyspa Rosevelta
0%
AntarktydaAntarktydaWyspa Rossa
0%
AntarktydaAntarktydaWyspa Siple'a
0%
AntarktydaAntarktydaWyspa Thurstona
0%

Rozkład punktacji

Percentyl według liczby udzielonych odpowiedzi

Procent ludzi z każdym wynikiem

Twoja historia wyników

Nie rozwiązałeś tego quizu